|
|
|
|
| LEADER |
01105nam a2200253 u 4500 |
| 001 |
10058865 |
| 003 |
upatras |
| 005 |
20231102114546.0 |
| 008 |
061215s1973 gr gre |
| 040 |
|
|
|a GR-PaULI
|c GR-PaULI
|
| 041 |
0 |
|
|a gre
|
| 082 |
0 |
4 |
|a 372.21
|
| 100 |
1 |
|
|a Ξηροτύρης, Ηλίας Ι.,
|d 1914-
|9 48635
|
| 245 |
1 |
0 |
|a Παιδαγωγικά προβλήματα της προσχολικής ηλικίας (0-5 ετών)
|c Ηλία Ιω. Ξηροτύρη
|
| 260 |
|
|
|a Αθήνα
|b [χ.ο.]
|c 1973
|
| 300 |
|
|
|a 21 σ.
|c 24 εκ.
|
| 504 |
|
|
|a Περιέχει βιβλιογραφία
|
| 650 |
|
4 |
|9 39542
|a Εκπαίδευση, Προσχολική
|
| 650 |
|
4 |
|9 39735
|a Εκπαίδευση, Προσχολική
|x Διδασκαλία.
|
| 852 |
|
|
|a GR-PaULI
|b ΠΑΤΡΑ
|b ΒΚΠ
|b ΒΣ1
|k ΑΣΧΕ
|h 372.21 ΞΗΡ
|m 085596
|p 025000152525
|t 1
|
| 942 |
|
|
|2 ddc
|c BK15
|
| 952 |
|
|
|0 0
|1 0
|4 0
|6 372_210000000000000_ΞΗΡ
|7 0
|9 55471
|a LISP
|b LISP
|c BSC
|d 2016-04-24
|i 085596
|l 0
|o 372.21 ΞΗΡ
|p 025000152525
|r 2016-04-24 00:00:00
|t 1
|w 2016-04-24
|y BK15
|
| 998 |
|
|
|c ΣΚΟΝΔΡΑ
|d 2006-12
|
| 999 |
|
|
|c 35253
|d 35253
|